Countries visited by Turkish President Erdogan. - Statistics

General Stats
  • This quiz has been taken 98 times
  • The average score is 34 of 62
Answer Stats
Times Answer % Correct
6 times United States
98%
5 times Russia
92%
4 times Azerbaijan
91%
1 times United Kingdom
91%
2 times Iran
90%
3 times France
89%
2 times Germany
89%
3 times China
87%
4 times Saudi Arabia
87%
1 times Greece
83%
1 times Italy
76%
4 times Qatar
74%
2 times Ukraine
74%
2 times Kazakhstan
72%
1 times Mexico
71%
1 times India
70%
1 times Serbia
69%
2 times Pakistan
68%
1 times Turkmenistan
66%
1 times Albania
64%
2 times Poland
64%
1 times Romania
64%
1 times Afghanistan
62%
2 times Algeria
62%
1 times Bahrain
62%
1 times Uzbekistan
61%
2 times Belgium
60%
1 times Bosnia and Herzegovina
59%
1 times Jordan
57%
1 times Belarus
55%
1 times Croatia
54%
4 times Kuwait
54%
1 times Tunisia
53%
1 times Indonesia
52%
1 times Nigeria
52%
2 times Somalia
51%
1 times Sudan
49%
1 times Slovenia
48%
1 times Ethiopia
47%
1 times Slovakia
44%
2 times Senegal
41%
1 times Cuba
39%
1 times Kenya
39%
1 times Mali
39%
1 times Colombia
38%
1 times Chad
37%
1 times Ghana
34%
1 times Chile
33%
1 times Estonia
31%
1 times Tanzania
31%
1 times Latvia
30%
1 times Djibouti
29%
1 times Mauritania
29%
1 times Uganda
29%
1 times Vatican City
25%
1 times Ivory Coast
24%
1 times Peru
24%
1 times Guinea
23%
1 times Mozambique
23%
1 times Ecuador
21%
1 times Madagascar
16%
1 times Equatorial Guinea
9%
No matching quizzes found
Score Distribution
Percent of People with Each Score
Percentile by Number Answered
Your Score History
You have not taken this quiz